| 000 | 00622nam a22002177a 4500 | ||
|---|---|---|---|
| 003 | DO-SdBNP | ||
| 005 | 20210914152812.0 | ||
| 007 | ta | ||
| 008 | 210914b 2017 dr 00| 0 eng d | ||
| 020 | _a9789945907742 | ||
| 040 |
_aDO-SdBNP _bspa _cBNPHU |
||
| 082 | 4 | _2BNPHU | |
| 100 | 1 |
_aCaminero, Thelma _979880 |
|
| 245 | 1 | 3 |
_aEl baúl de mi abuelita / _cThelma C. de la Cruz |
| 260 |
_aSanto Domingo : _bPublicaciones Libertad _c2017. |
||
| 300 |
_a135 p. ; _c21 cm. |
||
| 500 | _aIncluye datos biográficos de la autora en la contracubierta | ||
| 590 | _aInventariado, 2021/BT | ||
| 910 | _aBtavárez | ||
| 942 |
_2ddc _cLBS1 |
||
| 999 |
_c50505 _d50505 |
||